Central Library OPAC University of Rajshahi

The literature of England, A.D. 500-1960 : (Record no. 76765)

MARC details
000 -LEADER
fixed length control field 00960nam a22002652a 4500
001 - CONTROL NUMBER
control field 76765
003 - CONTROL NUMBER IDENTIFIER
rucl marc code BD-RjUL
005 - DATE AND TIME OF LATEST TRANSACTION
control field 20211209082901.0
008 - FIXED-LENGTH DATA ELEMENTS--GENERAL INFORMATION
fixed length control field 200120r1952 enk 001 0 eng d
035 ## - SYSTEM CONTROL NUMBER
System control number OCLC ocm09632844 from D950705M
-- (BD-RjUL)76989
040 ## - CATALOGING SOURCE
Original cataloging agency GZE
Transcribing agency GZE
Modifying agency EQO
-- BD-RjUL
Language of cataloging eng
041 ## - LANGUAGE CODE
Language code of text/sound track or separate title eng
082 ## - DEWEY DECIMAL CLASSIFICATION NUMBER
Classification number 820.9
Author mark and year ENL 1952
090 ## - LOCALLY ASSIGNED LC-TYPE CALL NUMBER (OCLC); LOCAL CALL NUMBER (OCLC)
Classification number (OCLC) (R) ; Classification number, CALL (RLIN) (NR) PR85
Local cutter number (OCLC) ; Book number/undivided call number, CALL (RLIN) .E55 1962
100 1# - MAIN ENTRY--PERSONAL NAME
Personal name Entwistle, William J.
Fuller form of name (William James),
Dates associated with a name 1895-1952.
9 (RLIN) 19661
245 14 - TITLE STATEMENT
Title The literature of England, A.D. 500-1960 :
Remainder of title a survey of British literature from the beginnings to the present day /
Statement of responsibility, etc. William J. Entwistle, Eric Gillett
250 ## - EDITION STATEMENT
Edition statement 3rd. ed.
260 ## - PUBLICATION, DISTRIBUTION, ETC. (IMPRINT)
Place of publication, distribution, etc. London :
Name of publisher, distributor, etc. Longmans,
Date of publication, distribution, etc. 1952
300 ## - PHYSICAL DESCRIPTION
Pagination 326 p. ;
Size 19 cm
504 ## - BIBLIOGRAPHY, ETC. NOTE
Bibliography, etc Includes index
650 #0 - SUBJECT ADDED ENTRY--TOPICAL TERM
Topical term or geographic name as entry element English literature
General subdivision History and criticism
9 (RLIN) 56005
Topical term or geographic name as entry element English literature
Chronological subdivision 20th century
General subdivision History and criticism
9 (RLIN) 55220
700 1# - ADDED ENTRY--PERSONAL NAME
Personal name Gillett, Eric Walkey,
Dates associated with a name 1893-
942 ## - ADDED ENTRY ELEMENTS (KOHA)
Source of classification or shelving scheme Dewey Decimal Classification
Koha item type Books
Holdings
Lost status Source of classification or shelving scheme Damaged status Not for loan Collection code Permanent Location Current Location Shelving location Date acquired Source of acquisition Cost, normal purchase price Total Checkouts Full call number Date last seen Copy number Koha item type
  Dewey Decimal Classification   Not For Loan Non-fiction Central Library, University of Rajshahi Central Library, University of Rajshahi Reading Room 19/01/1955 M.B.P 7.00   820.9 ENL 1952 19/01/2020 C-1 Books